000 00701nam a2200181 i 4500
001 45825
003 ES-MaACL
005 20251005063040.0
007 t|
008 030327s1840 fr ||||1| fre d
100 1 _aCollin Des Gimées, Victorine,
_d1797?-18..
_9163742
245 1 0 _aManuel de l'institutrice
_b: ou instructions propres à diriger les jeunes personnes qui se destinent à l'enseignement public ou particulier : suivies de questionnaires développés... /
_cpar Mme V. Collin,...
260 _aParis :
_bL. Hachette,
_c1840 (
_fA. Gratist et Ci)
300 _a224 p. ;
_c21 cm.
650 0 7 _aPedagogía
_2embne
_915904
852 _aES-MaACL
_jC-3457
999 _c45825
_d45825